Primeros pasos en algebra
Uloženo v:
| Hlavní autor: | |
|---|---|
| Médium: | Kniha |
| Jazyk: | španělština |
| Vydáno: |
Santiago
Lom
2011
|
| Edice: | Partículas Elementales
|
| Témata: | |
| Tagy: |
Přidat tag
Žádné tagy, Buďte první, kdo vytvoří štítek k tomuto záznamu!
|
MARC
| LEADER | 00000cam a2200000 a 4500 | ||
|---|---|---|---|
| 001 | UCF5517 | ||
| 003 | CL-VaPUC | ||
| 008 | 130318e20110000CL |||||||||||||||||spa|d | ||
| 020 | |a 9789560002396v.1 | ||
| 020 | |a 9789560002402v.2 | ||
| 020 | |a 9789560002419v.3 | ||
| 020 | |a 9789560002426v.4 | ||
| 082 | 0 | 4 | |a 512.7 |b MUÑ |2 21 |
| 100 | |a Muñoz Muñoz, Héctor |e autor |9 543553 | ||
| 245 | 1 | 0 | |a Primeros pasos en algebra |
| 300 | |a v | ||
| 942 | |c BK | ||
| 945 | |d 20130318 00:00:00 |a dcastane | ||
| 260 | |a Santiago |b Lom |c 2011 | ||
| 500 | |a v.1: el significado del signo igual | ||
| 500 | |a v.2: iniciación al empleo de letras en expresiones algebráicas | ||
| 500 | |a v.3: símbolos y convenciones en el lenguaje algebraico | ||
| 500 | |a v.4: expresión y alcances de la distributividad de la multiplicación con respecto a la adición | ||
| 650 | 0 | |a Teoría de números |9 265327 | |
| 650 | 0 | |a Álgebra |9 259567 | |
| 650 | 7 | |a MULTIPLICACION |2 CL-VaPUC |9 343636 | |
| 583 | |a last modification |c 20130325 12:43:09 |k Rodrigo Vera | ||
| 490 | 0 | |a Partículas Elementales | |
| 999 | |c 351031 |d 351029 | ||
| 952 | |0 0 |1 0 |4 0 |6 512_700000000000000_MUÑ_2011 |7 0 |8 A |9 454898 |a BIBMAT |b BIBMAT |d 2019-11-22 |h v.1 |i 4954459 |o 512.7 MUÑ 2011 |p 4954459 |r 2025-01-07 |w 2019-11-22 |y BK |k MAT | ||
| 952 | |0 0 |1 0 |4 0 |6 512_700000000000000_MUÑ_2011 |7 0 |8 A |9 454899 |a BIBMAT |b BIBMAT |d 2019-11-22 |h v.2 |i 4954467 |o 512.7 MUÑ 2011 |p 4954467 |r 2025-01-07 |w 2019-11-22 |y BK |k MAT | ||
| 952 | |0 0 |1 0 |4 0 |6 512_700000000000000_MUÑ_2011 |7 0 |8 A |9 454900 |a BIBMAT |b BIBMAT |d 2019-11-22 |h v.3 |i 4954475 |o 512.7 MUÑ 2011 |p 4954475 |r 2025-01-07 |w 2019-11-22 |y BK |k MAT | ||
| 952 | |0 0 |1 0 |4 0 |6 512_700000000000000_MUÑ_2011 |7 0 |8 A |9 454901 |a BIBMAT |b BIBMAT |d 2019-11-22 |h v.4 |i 4954483 |o 512.7 MUÑ 2011 |p 4954483 |r 2025-01-07 |w 2019-11-22 |y BK |k MAT | ||
| 952 | |0 0 |1 0 |4 0 |6 512_700000000000000_MUÑ_2011 |7 0 |8 A |9 454902 |a BIBMAT |b BIBMAT |d 2019-11-22 |h v.4 |i 4954491 |o 512.7 MUÑ 2011 |p 4954491 |r 2025-01-07 |w 2019-11-22 |y BK |k MAT | ||